MDQL
is popping MORE tags! Check the
thread
!
Quizzes
Events
Quiz Creation
Community
Videos
Private Events
Remove Ads
Sign In
Join for FREE
Feedback
Dark Mode
Quiz Categories
Sports
Geography
Music
Movies
Television
Just For Fun
Miscellaneous
History
Literature
Language
Science
Gaming
Entertainment
Religion
Holiday
For Kids
Quiz Lab
Recent
Popular Today
Quiz Kudos Today
Editor Picks
Curator Picks
Quizzes by...
Day
Popularity
Type
Ratings
Length
Year
Community
Subscriptions
Recent Discussions
Orange Saloon
Badges
Playlists
Quests
Create
Leaderboards
Showdown
Live 5
Trivia Bingo
Activity
Puzzle Library
Sporcle Events
Private Events
Virtual Trivia
Globe League
Become a Host
Pub Owners
SporcleCon
Opinionation
Our Games
Videos
Blog
Mobile Apps
Partnerships
Remove Ads and Go Orange
Feedback
Gaming
Video Games
Board Games
Card Games
Pokémon
Mario
Nintendo
Minecraft
Console
Toys
Legend of Zelda
Gaming
Video Games
Board Games
Card Games
Pokémon
Mario
Nintendo
Minecraft
Console
Toys
Legend of Zelda
Random Quiz
Search Sporcle
×
Quiz Lab
Quiz Lab
Gaming
Video Games
Type in answers that appear in a list
Type in answers that appear in a list
Classic
Best Score? Go Orange.
Top 50 Videogames of the 2000's Stats
Can you name the Destructoid's Top 50 Videogames of the 2000's?
By
chewbacca09
10m
50 Questions
1,673 Plays
1,673 Plays
1,673 Plays
Comments
Comments
Give Quiz Kudos
Give Quiz Kudos
-
- Ratings
hide this ad
Replay
Link that replays current quiz
Next Quiz
Link to next quiz in quiz playlist
You Got
0%
They Got
Avg Score
15%
Avg Friend Score
Upgrade to see
Score Distribution
Jump to the score distribution portion of the page
Score
0/50
Timer
10:00
0
Plays Today
Rank
Game
% Correct
30
Grand Theft Auto: San Andreas
56.6%
2
Half-Life 2
37.8%
9
Super Mario Galaxy
37.3%
10
Resident Evil 4
35.6%
34
Call of Duty 4: Modern Warfare
33.4%
12
Metal Gear Solid 3: Subsistence
31.9%
5
God of War 2
31.1%
19
World of Warcraft
30.1%
1
Shadow of the Colossus
27.5%
46
Super Smash Bros. Melee
27.5%
11
The Legend of Zelda: The Wind Waker
27.2%
4
Portal
26.6%
25
Uncharted 2: Among Thieves
24.6%
20
Final Fantasy IX
24.5%
33
Bioshock
20.9%
13
Metroid Prime
20.3%
22
Ico
17.7%
40
Kingdom Hearts
16.8%
7
Diablo 2
14.3%
15
Silent Hill 2
13.5%
29
Shenmue II
13%
26
Paper Mario
12.5%
28
Left 4 Dead
11.7%
45
Team Fortress 2
11.4%
14
Okami
11.2%
Rank
Game
% Correct
41
Braid
10%
43
Banjo-Tooie
9.4%
49
Star Wars: Knights of the Old Republic
9%
6
Beyond Good & Evil
8.1%
27
Skies of Arcadia
7.5%
18
Persona 4
7.5%
16
Deus Ex
7.4%
31
Civilization III
7%
17
Pikmin 2
6.9%
42
Psychonauts
6.8%
3
Mother 3
6.5%
32
Katamari Damacy
6.5%
36
Prince of Persia: The Sands of Time
6.1%
38
Marvel vs Capcom 2
5.8%
24
Dragon Quest VIII: Journey of the Cursed King
5.7%
48
Phoenix Wright: Ace Attorney
5.6%
39
Rock Band 2
5%
50
Metal Slug 3
4.8%
21
Ikaruga
4.6%
35
Tony Hawk’s Pro Skater 3
4.4%
23
Cave Story
4%
8
Valkyria Chronicles
3.8%
47
Vagrant Story
3.7%
44
WarioWare: Twisted!
2.8%
37
Lost Odyssey
1.7%
Quiz Playlist
Details
Report
Send in Message
Add To Playlist
Classic:
Type in answers that appear in a list
Quiz Source
Last Updated: Jan 15, 2019
Quiz Scoreboard
CHALLENGE
Sign Up to Join the Scoreboard
Show All
Scores
Hide
Comments
May contain spoilers
Recently Published
Two Season TV Shows II
by 123Four
Television
10m
Image Sorting: Flags VI
by Barbecue
Geography
2m
Find the 'City' Movie
by crazypaving
Movies
60s
More to Explore
Quiz From the Vault
Featured Blog Post
14 Easter Pick-up Lines to Find Eggs With
hide this ad
You Might Also Like...
Tags
Console Quiz
Video Games Quiz
2000
Top 50
Today's Top Quizzes in Gaming
Browse Gaming
hide this ad
Today's Top Quizzes in Video Games
Browse Video Games
Top Contributed Quizzes in Gaming
1
League of Legends Pro Players by Career/Team History
2
Destiny 2 exotic weapons by perk icons
3
Genshin Impact Logic Puzzle
4
Genshin murder mystery
5
Dead By Daylight Logic Puzzle
6
4x4 Decades: Video Games
7
Ultimate Genshin Impact Logic Puzzle (up to 4.3)
8
Genshin Impact Logic Puzzle Quiz
9
Overwatch Logic Puzzle
10
Who's on the WWE 2K24 Cover?
Explore More
Trending Topics
Harry Potter
Disney
Marvel
Crossword
NBA
Kpop
Anime
Country
Puzzle
NFL
The Office
Pokémon
Song
WWE
Soccer
hide this ad
More By:
chewbacca09
Quiz
Plays
Rating
Category
Featured
Created
Wizard's 200 Greatest Comic Characters
3,650
4.14
Entertainment
Oct 6, 2009
Top 50 Videogames of the 2000's
1,673
3.55
Gaming
Dec 6, 2009
200 Greatest Video Games
1,476
4.46
Gaming
Nov 12, 2009
IGN's Top 100 Games 2008
224
4.50
Gaming
Oct 27, 2009
Go to Creator's Profile
Score Distribution
Quiz Creator Spotlight
chewbacca09
Follow
Send a Message
Quizzes Created
-
Created Quiz Play Count
-
More By This Creator
Popular Quizzes Today
1
Find the US States - No Outlines Minefield
2
Colored Red Africa Blitz
3
Find the 'City' Movie
4
5x2 Blitz: Bands
5
The Countries of the World
6
Find the Countries of Europe - No Outlines Minefield
7
Find the US States
8
US States
More Gaming Quizzes
Pyramid of Pokémon
Editor's Pick
Trending Quizzes
Colored Red Europe Blitz I
Colored Red Africa Blitz II
Colored Red Europe Blitz II
Colored Red Africa Blitz III
Colored Red Europe Blitz III
Recently Updated
How Do You Spell That?
pecheneg
Godzilla Movies
pecheneg
Grab Bag: 4-10 Letters
pecheneg
2024 March Madness Bracket
pecheneg
Famous TV Couples
Peacemaker
Champions League XIs: Real Madrid
pecheneg
Largest US Cities 1790-2010
pecheneg
Rides in Walt Disney World
pecheneg
Most Oscar Losses (Acting)
pecheneg
Beyoncé Albums
pecheneg
Trending Topics
Anime
NBA
Harry Potter
Kpop
Marvel
Disney
Crossword
Puzzle
Country
Song
The Office
Pokémon
WWE
Soccer
NFL
Your Account Isn't Verified!
In order to create a playlist on Sporcle, you need to verify the email address you used during registration. Go to your
Sporcle Settings
to finish the process.
Report this User
Report this user for behavior that violates our
Community Guidelines
.
Details:
Send Report
Go to the Sporcle.com Mobile Site →
Comments